Management Journal of Contemporary Management Issues

Enregistré dans:
Détails bibliographiques
Format: Publication en série
Langue:anglais
croate
Publié: Split Ekonomski fakultet
Tags: Ajouter un tag
Pas de tags, Soyez le premier à ajouter un tag!

MARC

LEADER 00000nas1a2200000 4500
001 0270049
005 20250701092128.9
022 |a 1331-0194 
022 |a 1846-3363 
041 0 |a eng 
041 0 |a hrv 
044 |a HR 
245 1 0 |a Management  |b Journal of Contemporary Management Issues 
264 1 |a Split  |b Ekonomski fakultet